00446nam a2200193Ia 4500008004100000020001800041050001300059100001700072245002600089245001700115250001900132260001500151260001600166260000900182300001600191300002700207300001000234500000800244170918s9999 xx 000 0 und d a9781416984498 bY21 2009 aYancey, Rick 4aThe monstrumologist / cRick Yancey. aFirst edition. aNew York : bScholastic, c2009 a454 pages : bcolored illustration ; c21cm. a990